000 00945nam a22002777a 4500
001 03851
003 HDC
007 cr bn ---aaaaa
008 210111t1998 nyu||||| |||| 00| 0 eng
020 _a0-203-22306-3
040 _aHDC
100 _aGrimes, D. Jay
_eauthor
_93723
245 0 _aAgricultural Biotechnology. Chapter 35 :
_bBiotechnology and the Environment / by
_cD. Jay Grimes
260 _aNew York :
_bMARCEL DEKKER,
_c1998
300 _a11 pages
336 _atext
_2rdacontent
337 _acomputer
_2rdamedia
338 _aonline resource
_2rdacarrier
650 _aAgricultural Biotechnology
_91565
650 _aEnvironmental biotechnology
_93724
650 _aliving organisms
_93725
856 _zRequest full-text at [email protected]
942 _2lcc
942 _cCHAP
942 _kEBCH 001720
999 _c1176
_d1176